000 00841nam a2200289Ia 4500
003 OSt
005 20221006140640.0
006 a|||||r|||| 00| 0
007 ta
008 221006b |||||||| |||| 00| 0 eng d
020 _a9781562790462
_c
_11.95
024 _a267
037 _bGift, Japan Foundation
_cTextual
040 _aEASL
_cEASL
_beng
041 _2eng
_aeng
082 _aU8.42.N5, N2
100 _aBOUVIER Nicolas
_9643102
245 0 _aJapanese chronicles
260 _aSan
_bFrancisco Mercury House
_c1992
300 _a222p.
_ccm.
490 _v JEL
650 _a JEL
650 _aJapan - Description and Travel
_9643103
700 _a DICKERSON Anne Tr.
_9643104
942 _hU8.42.N5, N2
_cTEXL
_2CC
999 _c1068354
_d1068354